Online Catalogue and eLibrary

Matriliny transformed : (Record no. 2199)

MARC details
000 -LEADER
fixed length control field 00272nam a2200097Ia 4500
008 - FIXED-LENGTH DATA ELEMENTS--GENERAL INFORMATION
fixed length control field 240331s9999 xx 000 0 und d
082 ## - DDC Classification
Item Number - Author Mark SAR
100 ## - MAIN ENTRY--PERSONAL NAME
Personal name Saradamoni, K
245 #0 - TITLE STATEMENT
Title Matriliny transformed :
Remainder of title family, law and ideology in twentieth century Travancore
942 ## - Koha item type (Biblio)
Koha item type Books in Stacks (Lending)

No items available.

© WERC Library